Fundamentals of cost accounting / (Record no. 387)

MARC details
000 -LEADER
fixed length control field 00629cam a2200205 4500
001 - CONTROL NUMBER
control field 509
005 - DATE AND TIME OF LATEST TRANSACTION
control field 20181127161553.0
008 - FIXED-LENGTH DATA ELEMENTS--GENERAL INFORMATION
fixed length control field 041025s2006 nyua 001 0 eng
010 ## - LIBRARY OF CONGRESS CONTROL NUMBER
LC control number 2004061066
020 ## - INTERNATIONAL STANDARD BOOK NUMBER
International Standard Book Number 0073018376 (alk. paper)
100 1# - MAIN ENTRY--PERSONAL NAME
Personal name Maher, Michael,
Dates associated with a name 1946-
245 10 - TITLE STATEMENT
Title Fundamentals of cost accounting /
Statement of responsibility, etc. Michael W. Maher, William N. Lanen, Madhav V. Rajan.
250 ## - EDITION STATEMENT
Edition statement 1st ed.
260 ## - PUBLICATION, DISTRIBUTION, ETC.
Place of publication, distribution, etc. New York :
Name of publisher, distributor, etc. McGraw-Hill/Irwin,
Date of publication, distribution, etc. c2006.
300 ## - PHYSICAL DESCRIPTION
Extent xxvi, 580 p. :
Other physical details ill. (some col.) ;
Dimensions 29 cm.
500 ## - GENERAL NOTE
General note Includes index.
650 #0 - SUBJECT ADDED ENTRY--TOPICAL TERM
Topical term or geographic name entry element Cost accounting.
700 1# - ADDED ENTRY--PERSONAL NAME
Personal name Lanen, William N.
Personal name Rajan, Madhav V.
Holdings
Withdrawn status Lost status Source of classification or shelving scheme Damaged status Not for loan Collection code Home library Current library Shelving location Date acquired Serial Enumeration / chronology Inventory number Total Checkouts Total Renewals Full call number Barcode Date last seen Date last checked out Price effective from Koha item type
    Dewey Decimal Classification     Main TEST RTC Library RTC Library Main opac 10/03/2022 1074 1 2 657.42 MAH 30002681 19/04/2022 10/03/2022 27/11/2018 Main
Royal Thimphu College || All Right Reserved